| 000 | 00343nam a22001217a 4500 | ||
|---|---|---|---|
| 008 | 211026b ||||| |||| 00| 0 eng d | ||
| 020 | _a9789386284693 | ||
| 050 |
_a004 _b1 |
||
| 245 | _aCyber Beans Based on Window 7 With MS Office 2010 Version , Class-6 | ||
| 260 |
_aNoida _bKids Learning Solutions Pvt.Ltd. |
||
| 300 | _a1 | ||
| 942 |
_2ddc _cBK |
||
| 999 |
_c11860 _d11860 |
||